Biggest Cities in the United States in 1960 - Statistics

General Stats
  • This quiz has been taken 7 times
  • The average score is 69 of 100
Answer Stats
Population State City % Correct
697,197 MA Boston
100%
3,550,404 IL Chicago
100%
2,479,015 CA Los Angeles
100%
7,781,984 NY New York
100%
2,002,512 PA Philadelphia
100%
439,170 AZ Phoenix
100%
763,956 DC Washington
100%
487,455 GA Atlanta
83%
939,024 MD Baltimore
83%
532,759 NY Buffalo
83%
502,550 OH Cincinnati
83%
876,050 OH Cleveland
83%
471,316 OH Columbus
83%
679,684 TX Dallas
83%
493,887 CO Denver
83%
1,670,144 MI Detroit
83%
356,268 TX Fort Worth
83%
133,929 CA Fresno
83%
294,194 HI Honolulu
83%
938,219 TX Houston
83%
476,258 IN Indianapolis
83%
144,422 MS Jackson
83%
201,030 FL Jacksonville
83%
475,539 MO Kansas City
83%
121,901 KS Kansas City
83%
497,524 TN Memphis
83%
291,688 FL Miami
83%
741,324 WI Milwaukee
83%
482,872 MN Minneapolis
83%
202,779 AL Mobile
83%
134,393 AL Montgomery
83%
170,874 TN Nashville
83%
405,220 NJ Newark
83%
627,525 LA New Orleans
83%
324,253 OK Oklahoma City
83%
372,676 OR Portland
83%
219,958 VA Richmond
83%
191,667 CA Sacramento
83%
573,224 CA San Diego
83%
740,316 CA San Francisco
83%
557,087 WA Seattle
83%
750,026 MO St. Louis
83%
201,189 NM Albuquerque
67%
137,969 TX Amarillo
67%
163,401 VA Arlington
67%
186,545 TX Austin
67%
167,690 TX Corpus Christi
67%
262,332 OH Dayton
67%
276,687 TX El Paso
67%
344,168 CA Long Beach
67%
390,639 KY Louisville
67%
305,872 VA Norfolk
67%
301,598 NE Omaha
67%
604,332 PA Pittsburgh
67%
318,611 NY Rochester
67%
313,411 MN Saint Paul
67%
189,454 UT Salt Lake City
67%
587,718 TX San Antonio
67%
204,196 CA San Jose
67%
174,463 MA Springfield
67%
318,003 OH Toledo
67%
212,892 AZ Tucson
67%
290,351 OH Akron
50%
129,726 NY Albany
50%
152,419 LA Baton Rouge
50%
340,887 AL Birmingham
50%
156,648 CT Bridgeport
50%
201,564 NC Charlotte
50%
130,009 TN Chattanooga
50%
208,982 IA Des Moines
50%
138,440 PA Erie
50%
141,543 IN Evansville
50%
196,940 MI Flint
50%
161,776 IN Fort Wayne
50%
178,320 IN Gary
50%
177,313 MI Grand Rapids
50%
119,574 NC Greensboro
50%
162,178 CT Hartford
50%
276,101 NJ Jersey City
50%
128,521 NE Lincoln
50%
128,691 TX Lubbock
50%
128,706 WI Madison
50%
152,048 CT New Haven
50%
367,548 CA Oakland
50%
143,663 NJ Paterson
50%
207,498 RI Providence
50%
126,706 IL Rockford
50%
149,245 GA Savannah
50%
164,372 LA Shreveport
50%
132,445 IN South Bend
50%
181,608 WA Spokane
50%
181,298 FL St. Petersburg
50%
216,038 NY Syracuse
50%
147,979 WA Tacoma
50%
274,970 FL Tampa
50%
261,685 OK Tulsa
50%
254,698 KS Wichita
50%
186,587 MA Worcester
50%
190,634 NY Yonkers
50%
166,689 OH Youngstown
50%
No matching quizzes found
Score Distribution
Percent of People with Each Score
Percentile by Number Answered
Your Score History
You have not taken this quiz